| 000 | 00683aab a2200193 i 4500 | ||
|---|---|---|---|
| 001 | 768714001 | ||
| 003 | CO-MdFUSB | ||
| 005 | 20240618062715.0 | ||
| 008 | 240416t1983 ag ||||| |||| 00| 0 spa d | ||
| 040 |
_bspa _cCO-MdFUSB |
||
| 041 | _aspa | ||
| 100 | 1 |
_aParedes, Rubén _eautor |
|
| 245 | 3 |
_aEl uso de las ciencias sociales en la misionología _c/ Rubén Paredes |
|
| 300 |
_aVolumen 2, número 1, (enero - marzo, 1983), páginas: 14 - 23 _c; 27 cm |
||
| 650 | 0 |
_aMisiones _9154 |
|
| 650 | 7 |
_aCiencias sociales _xEstudio y enseñanza _97080 |
|
| 773 | 0 |
_tIglesia y Misión _049402 _959626 _gVolumen 2, número 1, (enero - marzo, 1983), páginas: 14 - 23 _qpágina: 14 |
|
| 942 | _cANA | ||
| 999 |
_c51312 _d51312 |
||